Statistiken für Disney Prinzessinen

Klicken Sie hier um das Quiz zu spielen!

Allgemein

  • Dieses Quiz wurde 1.986 mal gespielt
  • Das Durchschnittsergebnis liegt bei 12 aus 16

Antwortstatistiken

Antwort% Korrekt
Rapunzel
98%
Schneewittchen
96%
Elsa
94%
Jasmin
89%
Anna
88%
Pocahontas
88%
Cinderella
86%
Merida
85%
Belle
84%
Mulan
84%
Vaiana
82%
Arielle
80%
Aurora
75%
Tiana
59%
Esmeralda
40%
Kida
19%

Verteilung der Resultate

Perzentil nach korrekt beantworteten Fragen

Anzahl Personen mit jedem Resultat

Ihre Resultats-Entwicklung

Sie haben dieses Quiz noch nicht gespielt